Standing tall : (Record no. 2553)

MARC details
000 -LEADER
fixed length control field 01052nam a2200277 a 4500
005 - DATE AND TIME OF LATEST TRANSACTION
control field 20231215112319.0
020 ## - INTERNATIONAL STANDARD BOOK NUMBER
International Standard Book Number 0590471406 (pbk.) :
Terms of availability $3.50
020 ## - INTERNATIONAL STANDARD BOOK NUMBER
International Standard Book Number 078073004508
040 ## - CATALOGING SOURCE
Original cataloging agency MiWaOW
Transcribing agency MiWaOW
Modifying agency MnSP
-- DLC
Language of cataloging eng
050 00 - LIBRARY OF CONGRESS CALL NUMBER
Classification number E184.S75
Item number P35 1994
082 00 - DEWEY DECIMAL CLASSIFICATION NUMBER
Classification number 920/.009268
Edition number 20
100 1# - MAIN ENTRY--PERSONAL NAME
Personal name Palacios, Argentina
245 10 - TITLE STATEMENT
Title Standing tall :
Remainder of title the stories of ten Hispanic Americans /
Statement of responsibility, etc. by Argentina Palacios
250 ## - EDITION STATEMENT
Edition statement First Scholastic printing, November 2004
260 ## - PUBLICATION, DISTRIBUTION, ETC.
Place of publication, distribution, etc. New York :
Name of publisher, distributor, etc. Scholastic,
Date of publication, distribution, etc. 1994
300 ## - PHYSICAL DESCRIPTION
Extent 233 pages :
Other physical details illustrations ;
Dimensions 19 cm
505 ## - FORMATTED CONTENTS NOTE
Formatted contents note Z
520 ## - SUMMARY, ETC.
Summary, etc. Presents photographs and stories of ten American heroes, influential and important Hispanis-American women and men from very different backgrounds and times who made history and are still making it.
521 ## - TARGET AUDIENCE NOTE
Target audience note 1060
Source Lexile
521 ## - TARGET AUDIENCE NOTE
Target audience note Z
Source Raz-Plus
650 #0 - SUBJECT ADDED ENTRY--TOPICAL TERM
Topical term or geographic name entry element Hispanic Americans
General subdivision Biography
-- Juvenile literature.
650 #1 - SUBJECT ADDED ENTRY--TOPICAL TERM
Topical term or geographic name entry element Hispanic Americans.
906 ## - LOCAL DATA ELEMENT F, LDF (RLIN)
a 7
b cbc
c copycat
d 3
e ncip
f 19
g y-gencatlg
942 ## - ADDED ENTRY ELEMENTS (KOHA)
Source of classification or shelving scheme Dewey Decimal Classification
Koha item type Books
Suppress in OPAC No
999 ## -
-- 2553
-- 2553
Holdings
Withdrawn status Lost status Source of classification or shelving scheme Damaged status Not for loan Collection Home library Current library Shelving location Date acquired Total Checkouts Full call number Barcode Date last seen Price effective from Koha item type
    Dewey Decimal Classification     Non-Fiction Footprints International School Library Network Toul Kork Campus Footprints International School Library Network Toul Kork Campus TTP Secondary Non-Fiction Bookshelves 12/15/2023   PAL 920/.009268 E184.S75 FISSE00772 12/15/2023 12/15/2023 Books